Piłkarze Widzewa Łódź - nagła śmierć - Statystyki

Ogólne statystyki
  • Ten quiz został rozwiązany 351 razy
  • Średni wynik to 7 z 25
Answers on the Grid
Answers color-coded by a green-red scale on the quiz's grid according to % correct below.
Kazimierz Przybyś
Daniel Bogusz
Rafał Siadaczka
Sławomir Majak
Artur Wichniarek
Roman Wójcicki
Andrzej Woźniak
Dariusz Dziekanowski
Dariusz Gęsior
Paweł Janas
Radosław Michalski
Ryszard Czerwiec
Jacek Dembiński
Stefan Majewski
Mirosław Szymkowiak
Dariusz Adamczuk
Maciej Szczęsny
Mirosław Trzeciak
Wiesław Wraga
Maciej Terlecki
Marek Citko
Marek Koniarek
Tomasz Łapiński
Mirosław Tłokiński
Władysław Żmuda
Józef Młynarczyk
Włodzimierz Smolarek
Zbigniew Boniek
Tomasz Wieszczycki
Jacek Bednarz
Jerzy Gorgoń
Adam Matysek
Roman Kosecki
Piotr Świerczewski
Antoni Szymanowski
Sylwester Czereszewski
Leszek Pisz
Cezary Kucharski
Radosław Sobolewski
Jerzy Dudek
Jan Urban
Maciej Żurawski
Tomasz Iwan
Jan Furtok
Tomasz Wałdoch
Andrzej Rudy
Dariusz Kubicki
Jan Tomaszewski
Euzebiusz Smolarek
Kazimierz Deyna
 
Statystyki odpowiedzi
Odpowiedź % Poprawnych
Zbigniew Boniek
57%
Marek Citko
49%
Włodzimierz Smolarek
40%
Maciej Szczęsny
39%
Artur Wichniarek
37%
Józef Młynarczyk
37%
Marek Koniarek
35%
Tomasz Łapiński
32%
Sławomir Majak
31%
Dariusz Gęsior
28%
Władysław Żmuda
28%
Andrzej Woźniak
27%
Jacek Dembiński
27%
Rafał Siadaczka
27%
Mirosław Szymkowiak
26%
Radosław Michalski
25%
Daniel Bogusz
24%
Ryszard Czerwiec
23%
Paweł Janas
22%
Maciej Terlecki
21%
Wiesław Wraga
21%
Dariusz Dziekanowski
20%
Mirosław Tłokiński
19%
Roman Wójcicki
12%
Kazimierz Przybyś
9%
Nie znaleziono quizów pasujących do podanych kryteriów
Rozkład punktacji
Procent ludzi z każdym wynikiem
Percentyl według liczby udzielonych odpowiedzi
Twoja historia wyników
Nie rozwiązałeś tego quizu